=LDR 00000nam 2200000 4500 =001 INLIS000000000030707 =005 20201012080917 =035 ##$$a 0010-061300000030707 =008 201012################g##########0#ind## =041 ##$$a Ind =082 ##$$a 306 =090 ##$$a 306, Sej s =245 ##$$a Sejarah dan dialog peradaban persembahan 70 tahun Prof Dr Taufik Abdullah /$c Editor AB Lapian, .[et.al] =260 ##$$a Jakarta :$b LIPI,$c 2005 =300 ##$$a xli, 1220 hlm, ; $c 25 x 18 cm =650 #4$$a Kebudayaan =850 ##$$a NBPNMAT =020 ##$$a 979-3673-84-2 =084 ##$$a 306 SEJ s =504 ##$$a Bibliografi: 1210-1211 =990 ##$$a 20900374 =990 ##$$a 20900376 =990 ##$$a 20900375